000 00302nam a22001337a 4500
008 170929b xxu||||| |||| 00| 0 eng d
020 _a9780132405041
041 _aeng
080 _26TH
_a37
100 _a47
101 _aEDU
245 _aLITERATURE FOR YOUNG CHILDREN
_cGIORGIS,C
942 _2udc
_cBK
999 _c30890
_d30890